[Event "Scarborough CC Spring Swiss U1700"]
[Site "Toronto"]
[Date "2008.04.24"]
[Round "7"]
[White "Seedhouse, Jeff"]
[Black "Xia, Linda"]
[Result "1/2-1/2"]
[WhiteElo "1613"]
[BlackElo "1535"]
[PlyCount "145"]
[EventDate "2008.03.13"]
[EventType "swiss"]
[EventRounds "8"]
[EventCountry "CAN"]
[SourceTitle "EXT 2011"]
[Source "ChessBase"]
[SourceDate "2010.11.26"]
[SourceVersion "1"]
[SourceVersionDate "2010.11.26"]
[SourceQuality "1"]

1. e4 e5 2. Nf3 Nf6 3. Nxe5 d6 4. Nf3 Nxe4 5. Qe2 Qe7 6. Nc3 Nxc3 7. bxc3 b6 8. Qxe7+ Bxe7 9. Bb5+ c6 10. Ba4 b5 11. Bb3 a5 12. a4 Bb7 13. Nd4 Bf6 14. Nf5 Kd7 15. 0-0 Ba6 16. Re1 Kc7 17. Bxf7 Rf8 18. Bb3 Bxc3 19. dxc3 Rxf5 20. Re7+ Kb6 21. Be3+ c5 22. Rd1 Nc6 23. Rxd6 bxa4 24. Bxa4 Bb5 25. Bxb5 Kxb5 26. Rb7+ Ka6 27. Rc7 a4 28. Rdxc6+ Kb5 29. Rxc5+ Rxc5 30. Rxc5+ Ka6 31. h4 a3 32. Rd5 a2 33. Rd1 Rb8 34. Rd6+ Kb7 35. Rb6+ Kc7 36. Ra6 Rb1+ 37. Kh2 a1Q 38. Rxa1 Rxa1 39. Bd4 g6 40. g4 Ra2 41. Kg3 Kd6 42. Kf4 Ra5 43. c4 Ra2 44. c5+ Kc6 45. c3 Rd2 46. Kg5 Re2 47. Kh6 Re7 48. h5 gxh5 49. Kxh5 Re6 50. f4 Rg6 51. f5 Rg8 52. f6 Rf8 53. Kh6 Rf7 54. g5 Kd7 55. g6 hxg6 56. Kxg6 Ke6 57. c6 Rc7 58. c4 Rf7 59. Be5 Ra7 60. Bh2 Rf7 61. c7 Rxf6+ 62. Kg7 Rf7+ 63. Kg8 Rxc7 64. Bxc7 Kd7 65. Ba5 Ke6 66. c5 Kd7 67. Kf8 Kc6 68. Bb6 Kd5 69. Ke7 Kc6 70. Ke6 Kb5 71. Kd6 Ka6 72. Kc7 Kb5 73. c6 1/2-1/2

[Event "Scarborough CC-ch reserves"]
[Site "Toronto"]
[Date "2008.02.07"]
[Round "6"]
[White "Seedhouse, Jeff"]
[Black "Bellomo, Joe"]
[Result "1/2-1/2"]
[WhiteElo "1562"]
[BlackElo "1723"]
[PlyCount "111"]
[EventDate "2008.01.03"]
[EventType "swiss"]
[EventRounds "10"]
[EventCountry "CAN"]
[SourceTitle "EXT 2011"]
[Source "ChessBase"]
[SourceDate "2010.11.26"]
[SourceVersion "1"]
[SourceVersionDate "2010.11.26"]
[SourceQuality "1"]

1. e4 c5 2. Nf3 d6 3. Bb5+ Bd7 4. Bxd7+ Nxd7 5. 0-0 Ngf6 6. Re1 e6 7. c3 Be7 8. d4 cxd4 9. cxd4 0-0 10. Qb3 Nb6 11. Nc3 Rc8 12. Bg5 h6 13. Bxf6 Bxf6 14. e5 Be7 15. Rac1 d5 16. Na4 Nxa4 17. Qxa4 a6 18. Qb3 b5 19. a3 Qa5 20. g3 Rc4 21. Qd1 Rfc8 22. Rxc4 Rxc4 23. Qd3 Qc7 24. Re2 Rc1+ 25. Kg2 Qc4 26. Qxc4 Rxc4 27. Kf1 Bd8 28. Rd2 Kf8 29. Ke2 Ba5 30. b4 Bb6 31. Kd3 Ke8 32. Rc2 Kd7 33. Rxc4 bxc4+ 34. Kc3 Kc6 35. a4 Kd7 36. Ne1 f6 37. f4 fxe5 38. fxe5 Ke8 39. Nc2 Kf7 40. Kd2 Kg6 41. Ke3 Kf5 42. Kf3 g5 43. g4+ Kg6 44. h3 Kf7 45. Ke3 Ke7 46. Kd2 Kd7 47. Kc3 Bc7 48. Kd2 Kc6 49. Kc3 Kb7 50. Kb2 Bd8 51. Kc3 Kc6 52. Kd2 Be7 53. Ke2 Bf8 54. Kd1 Kd7 55. Kc1 Be7 56. Kb2 1/2-1/2